Logo BPK

Bibliografia Prac Pracowników

Politechniki Koszalińskiej

О компьютерной системе тестового контроля знаний в БГТУ / (Rekord nr 137)

Szczegóły MARC
000 -ETYKIETA REKORDU
podpole kontrolne o stałej długości 00817nab a2200181 i 4500
001 - NUMER KONTROLNY REKORDU
podpole kontrolne 137
003 - IDENTYFIKATOR NUMERU KONTROLNEGO REKORDU
podpole kontrolne KOSZ 005
005 - DATA OSTATNIEJ MODYFIKACJI REKORDU
podpole kontrolne 20180508145038.0
008 - POLE O STAŁEJ DŁUGOŚCI - DANE KONTROLNE
podpole kontrolne o stałej długości 140704s2001 bw f |000 0 rus
040 ## - ŹRÓDŁO KATALOGOWANIA
Instytucja, która utworzyła rekord BPK
Instytucja, która dokonała modyfikacji KOSZ 005/EG
041 ## - KOD JĘZYKA
Kod języka tekstu rus
044 ## - KOD KRAJU WYDAWCY/PRODUCENTA
Kod kraju wydawcy/producenta BLR
100 1# - NAZWA OSOBOWA
Nazwa osobowa SUSŁOW, Walery.
Lata pracy 2000 - .
Instytucja Politechnika Koszalińska - Wydział Elektroniki,
Wydział Katedra Podstaw Elektroniki
245 10 - TYTUŁ/ODPOWIEDZIALNOŚĆ
Tytuł О компьютерной системе тестового контроля знаний в БГТУ /
Pozostałe elementy strefy tytułu i oznaczenia odpowiedzialności А. А. Паук, В. А. Суслов.
500 ## - UWAGI OGÓLNE
Tekst uwagi Dane z Informatora o publikowanych wynikach prac naukowo-badawczych w 2001 roku Wydziału Elektroniki.
773 0# - TYTUŁ DOKUMENTU MACIERZYSTEGO
Wyrażenie wprowadzające W :
Tytuł Прикладные аспекты информатики и математики. -
Adres wydawniczy Брест, 2001. -
Informacje dotyczące relacji s. 129-132
942 ## - HASŁO DODATKOWE - ELEMENTY(KOHA)
Typ dokumentu Artykuł
Schemat klasyfikacji Uniwersalna klasyfikacja dziesiętna

Brak dostępnych egzemplarzy.

© 2014 Biblioteka Politechniki Koszalińskiej :: BIBLIOGRAFIA PRAC PRACOWNIKÓW